000 02875nam a2200397 i 4500
001 197671
003 ES-MaACL
005 20250828062540.0
008 250505b2024 sp ||||| |||| 00| 0 spa d
017 _aV 3960-2024
_bOficina Depósito Legal Valencia
020 _a9788411839365
040 _bspa
_cES-MaACL
245 _aMemoria, escuela y democracia :
_buna democracia sin memoria no es sostenible /
_cVictorino Mayoral Cortés (coordinador).
260 _aValencia :
_bTirant Humanidades,
_bFundación CIVES,
_c2024.
300 _a261 páginas ;
_c21 cm
336 _2rdacontent
_atexto
337 _2rdamedia
_asin mediación
338 _2rdacarrier
_avolumen
520 _aMemoria, escuela y democracia recoge las intervenciones realizadas en el Encuentro Nacional "Memoria Democrática, Educación Democrática y Ciudadanía Democrática", organizado por la Fundación CIVES en colaboración con la Secretaría de Estado de Memoria Democrática los días 1 y 2 de diciembre de 2023 en el Instituto Cervantes. Este acto puso en común y dio un sentido unitario a la multitud de voces que participaron en los eventos organizados por la Fundación CIVES por todo el territorio español, con el objetivo de sensibilizar y apoyar al profesorado para que la impartición de la Memoria Democrática en las diferentes etapas de la educación obligatoria sea efectiva, siguiendo lo establecido en la LOMLOE y en la Ley de Memoria Democrática. El programa surgió con la finalidad de contribuir al fortalecimiento de nuestro actual modelo constitucional de convivencia, a promover la vigencia de los valores democráticos de concordia, pluralismo, respeto a los derechos humanos, igualdad de género y educación para la paz. Todo ello solamente será posible si se fundamenta en los principios de verdad, justicia y reparación de las víctimas de las graves violaciones sufridas, así como en la imprescindible garantía y compromiso para la no repetición.
650 7 _2embne
_aEducación
_912073
650 7 _9145899
_aDemocracia-
_zEspaña
650 4 _913579
_aIgualdad
650 4 _917110
_aSindicalismo
655 0 _9176636
_aEnsayos
700 1 _aMayoral Cortés, Victorino
_ecoor
_9242065
700 1 _aRodríguez Zapatero, José Luis,
_eaut
_998879
_d1960-
700 1 _aMartínez López, Fernando,
_eaut
_9143395
_d1949-
700 1 _aBar Cendón, José Manuel
_eaut
_9242066
700 1 _aNavarro Pulido, Eva
_eaut
_9242067
852 _aES-MaACL
_cDEPOJ
_jN-10549
_gDedicatoria autógrafa del coordinador
_hDonación: Víctoriano Mayoral Cortés
_xEncuadernación rústica con solapas
_9206673
903 _aMayoral Cortés, Victorino
_ednr
942 _cMONOGRAFIA
_n0
999 _c197671
_d197671